00698nam a2200241 a 4500001001300000003000900013005001700022008004100039020001000080082001700090100002100107245003400128260004300162300000900205500003500214505001800249650002100267700002100288902000800309942000700317952011700324999001500441nice12345678IN_TiNIC20260116011442.0050524s1930 cula grp 000 0 eng  ac10000a907.202bMAR aMargoliouth, D S aLectures on Arabic Historians aCulcattabUniversity of Calcuttac1930 a160p aincludes index and biblioraphy2 aIndex, Illus. aHistorians-Arabs1 aMargoliouth, D S bSRS cBK 001040708StackRoom-aHMIbHMId2007-06-04g100.00l0o907.202 MARp00452r2007-06-04v100.00w2005-05-24yBK c1660d1660